Analysis and design for information systems / (Record no. 173)
[ view plain ]
| 000 -LEADER | |
|---|---|
| fixed length control field | 00769cam a22002412 4500 |
| 001 - CONTROL NUMBER | |
| control field | 0000000314 |
| 005 - DATE AND TIME OF LATEST TRANSACTION | |
| control field | 20151021151045.0 |
| 008 - FIXED-LENGTH DATA ELEMENTS--GENERAL INFORMATION | |
| fixed length control field | 070122s xx 000 0 eng d |
| 020 ## - INTERNATIONAL STANDARD BOOK NUMBER | |
| International Standard Book Number | 0070562369 : |
| Terms of availability | KES 3,800 |
| 040 ## - CATALOGING SOURCE | |
| Original cataloging agency | KABU |
| Transcribing agency | KABU |
| 050 #0 - LIBRARY OF CONGRESS CALL NUMBER | |
| Classification number | QA76.9 |
| Item number | .S88S46 1989 |
| 100 1# - MAIN ENTRY--PERSONAL NAME | |
| Personal name | Senn, James A. |
| -- | 0000148437 |
| 245 10 - TITLE STATEMENT | |
| Title | Analysis and design for information systems / |
| Statement of responsibility, etc. | James A. Senn. |
| 250 ## - EDITION STATEMENT | |
| Edition statement | 2nd ed. |
| 260 ## - PUBLICATION, DISTRIBUTION, ETC. (IMPRINT) | |
| Place of publication, distribution, etc. | New York : |
| Name of publisher, distributor, etc. | McGraw-Hill, |
| Date of publication, distribution, etc. | 1989. |
| 300 ## - PHYSICAL DESCRIPTION | |
| Extent | xvii, 853 p. |
| 650 #0 - SUBJECT ADDED ENTRY--TOPICAL TERM | |
| Topical term or geographic name as entry element | System design. |
| -- | 0000148438 |
| 650 #0 - SUBJECT ADDED ENTRY--TOPICAL TERM | |
| Topical term or geographic name as entry element | System analysis. |
| -- | 0000148439 |
| 908 ## - PUT COMMAND PARAMETER (RLIN) | |
| Put command parameter | 070122 |
| 950 ## - LOCAL HOLDINGS (RLIN) | |
| -- | 1 |
| Withdrawn status | Lost status | Source of classification or shelving scheme | Not for loan | Home library | Current library | Date acquired | Total Checkouts | Full call number | Barcode | Date last seen | Price effective from | Koha item type | Date last checked out | Total Renewals |
|---|---|---|---|---|---|---|---|---|---|---|---|---|---|---|
| Library of Congress Classification | Kabarak, Main Campus | Kabarak, Main Campus | 17/12/2015 | 3 | QA76.9 .S88S46 1989 | 003407 | 29/10/2018 | 17/12/2015 | General Collection | 26/10/2018 | ||||
| Library of Congress Classification | Kabarak, Main Campus | Kabarak, Main Campus | 17/12/2015 | 4 | QA76.9 .S88S46 1989 | 003408 | 09/10/2019 | 17/12/2015 | General Collection | 09/10/2019 | 1 | |||
| Library of Congress Classification | Kabarak, Nakuru City Campus | Kabarak, Nakuru City Campus | 21/10/2015 | QA76.9 .S88S46 1989 | 005660 | 21/10/2015 | 21/10/2015 | General Collection | ||||||
| Library of Congress Classification | Kabarak, Nakuru City Campus | Kabarak, Nakuru City Campus | 21/10/2015 | QA76.9 .S88S46 1989 | 005661 | 21/10/2015 | 21/10/2015 | General Collection |